Estrategias de intervención psicosocial : (Registro nro. 21681)
[ vista simple ]
| 000 -Cabecera | |
|---|---|
| Campo de control interno | 01056nam a2200253Ia 4500 |
| 005 - Fecha y hora del registro | |
| control field | 20260420105833.0 |
| 008 - Elementos de Longitud Fija | |
| fixed length control field | 260320s9999||||xx |||||||||||||| ||und|| |
| 020 ## - ISBN | |
| ISBN | 9788436821444 |
| 041 ## - Idioma | |
| Codigo Idioma | ESP |
| 082 ## - DEWEY y NOTACIÓN INTERNA | |
| Dewey | 302 |
| Notación Interna | M32 |
| 100 ## - AUTOR | |
| Autor denominación | Maya Jariego, Isidro, |
| Término de relación | autor |
| 245 #0 - TÍTULO DE MATERIAL BIBLIOGRÁFICO | |
| Título | Estrategias de intervención psicosocial : |
| Título paralelo | casos prácticos |
| 260 ## - CIUDAD, EDITORIAL, AÑO | |
| Ciudad | Madrid : |
| Nombre de la Editorial | Ediciones Pirámide, |
| Año | 2023 |
| 300 ## - DESCRIPCIÓN | |
| N° Páginas | 244 páginas : |
| Otros detalles | tablas ; |
| Dimensiones | 24 cm. |
| 440 ## - MENCIÓN DE SERIE | |
| Título de la Serie | (Colección Psicología) |
| 650 ## - TEMAS | |
| Temas | Ciencias Sociales |
| 653 ## - DESCRIPTORES | |
| Lenguajes no controlado | Psicología social; Psicología comunitaria; Desarrollo comunitario - Casos |
| 654 ## - PROGRAMAS | |
| Programa | Dpto. de Humanidades |
| 700 ## - OTROS AUTORES | |
| Otros autores | García Ramírez, Manuel; Santolaya Soriano, Francisco J., |
| Títulos y otras palabras asociadas con el nombre | autores |
| 856 ## - URL - UBICACIÓN | |
| URI/URL: Enlace exacto del recurso | <a href="https://0u20vx6qe-y-https-ebookcentral-proquest-com.itmsp.museknowledge.com/lib/catolicasp/home.action">https://0u20vx6qe-y-https-ebookcentral-proquest-com.itmsp.museknowledge.com/lib/catolicasp/home.action</a> |
| Nota pública: Versión digital | <a href="Véase además: Base de datos ProQuest Ebook Central">Véase además: Base de datos ProQuest Ebook Central</a> |
| 856 ## - URL - UBICACIÓN | |
| URI/URL: Enlace exacto del recurso | <a href="https://0u20fx6vy-y-https-research-ebsco-com.itmsp.museknowledge.com/c/qxo6us/search">https://0u20fx6vy-y-https-research-ebsco-com.itmsp.museknowledge.com/c/qxo6us/search</a> |
| Nota pública: Versión digital | <a href="Véase además: Base de datos EBSCOhost">Véase además: Base de datos EBSCOhost</a> |
| 942 ## - ELEMENTOS DE KOHA | |
| Tipo de documento | Libro |
| Nombre del creador | Justo Noguera |
| Código de catalogador | Margarita Torres |
| Esquema de clasificación | Dewey Decimal Classification |
| Codigo completo | Registro | Colección | Copia número | Disponibilidad | Tipo de préstamo | Biblioteca Actual | Procedencia (Biblioteca) | Ubicacón | Fecha Ingreso | Tipo de Adquisición | Date last seen | Total checkouts | Price effective from | Tipo de Item | Estado del Material | Fuente de Clasificación | Damaged status | Withdrawn status |
|---|---|---|---|---|---|---|---|---|---|---|---|---|---|---|---|---|---|---|
| 302 M32 | 1085227 | Universidad Católica San Pablo | 1 | Disponible | Disponible | Víctor Andrés Belaunde | Víctor Andrés Belaunde | Planta baja abierta | 30/03/2026 | Compra | 30/03/2026 | 30/03/2026 | Libro | Bueno | Dewey Decimal Classification | |||
| 302 M32 | 1085228 | Universidad Católica San Pablo | 2 | Disponible | Disponible | Víctor Andrés Belaunde | Víctor Andrés Belaunde | Planta baja abierta | 30/03/2026 | Compra | 30/03/2026 | 30/03/2026 | Libro | Bueno | Dewey Decimal Classification |




